Factors related to stability in upwardly mobile black families /

Bibliographic Details
Main Author: McAdoo, Harriette Pipes
Corporate Author: National Conference on Social Welfare
Format: Book
Language:English
Published: [Place of publication not identified] : [publisher not identified], [1978]
Subjects:

MARC

Tag First Indicator Second Indicator Subfields
LEADER 00000cam a2200000 a 4500
001 in00000544913
005 20151014052053.0
008 810602s1978 xx a b 10010 eng d
035 |a (OCoLC)07468664 
035 |9 ACJ7421AM 
040 |a UIU  |c UIU  |d TXA  |d UtOrBLW 
049 |a TXAM  |c [A08253793] 
090 |a E185.86  |b .M3 1978 
092 |a 305.896073  |b M115f 
100 1 |a McAdoo, Harriette Pipes. 
245 1 0 |a Factors related to stability in upwardly mobile black families /  |c Harriette Pipes McAdoo. 
264 1 |a [Place of publication not identified] :  |b [publisher not identified],  |c [1978] 
300 |a 39 leaves :  |b illustrations ;  |c 28 cm. 
336 |a text  |b txt  |2 rdacontent 
337 |a unmediated  |b n  |2 rdamedia 
338 |a volume  |b nc  |2 rdacarrier 
500 |a "Presented at the 105th annual forum of the National Conference on Social Welfare in Los Angeles, California, May 22, 1978." 
504 |a Bibliography : leaves 38-39. 
650 0 |a African American families. 
710 2 |a National Conference on Social Welfare. 
999 |a MARS 
999 f f |s c774c301-8cfa-3771-93b2-af889bb21681  |i a4440b58-374f-33ed-98fe-de3085262d1c  |t 0 
952 f f |p ric  |a Texas A&M University  |b Rellis Campus  |c Joint Library Facility  |d Remote Storage  |t 0  |e E185.86 .M3 1978  |h Library of Congress classification  |i unmediated -- volume  |m A14808253793 
998 f f |a E185.86 .M3 1978  |t 0  |l Remote Storage